| 000 | 01056nam0a22002771 4500 | ||
|---|---|---|---|
| 001 | rc\4028039 | ||
| 005 | 20260408083420.0 | ||
| 021 |
_aRU _b[56-49182] |
||
| 035 | _a(NLR Aleph) 008090497 | ||
| 090 |
_a9180518 _c9180518 |
||
| 100 | _a20130415d1956 |||y0rusy50 ca | ||
| 101 | 0 | _arus | |
| 102 | _aRU | ||
| 105 | _ay z ||||| | ||
| 200 | 1 |
_aКонституция СССР - конституция победившего социализма _e(К 20-летию Конституции СССР 1936 г.) _fВсесоюз. о-во по распространению полит. и науч. знаний |
|
| 210 |
_aМосква _cЗнание _d1956 |
||
| 215 |
_a32 с. _d22 |
||
| 225 | 1 |
_a[Серия 2 _v№ 29] |
|
| 601 | 2 |
_aКонституция СССР _2psbo |
|
| 700 | 1 |
_aГоляков _bИ.Т. _f-1961 _gИван Терентьевич |
|
| 742 | 1 |
_aСССР _tКонституция _f1936 _3RU\NLR\AUTH\8810166668 _9829265 |
|
| 801 | 0 |
_aRU _bNLR _gpsbo |
|
| 801 | 1 |
_aRU _bELAR _2rusmarc |
|
| 852 |
_aNLR _jП20 Г-6/288 |
||
| 942 | _cBOOK | ||
| 980 | _aNB | ||